Roman Emperors by Country - Statistics

General Stats
  • This quiz has been taken 212 times
  • The average score is 63 of 70
Answer Stats
Reinado Emperador % Correct
Julio-Claudian Augustus Italy
99%
Julio-Claudian Tiberius Italy
99%
Julio-Claudian Caligula Italy
99%
Julio-Claudian Nero Italy
99%
No dynasty Galba Italy
99%
No dynasty Otho Italy
99%
No dynasty Vitellius Italy
99%
Flavian Vespasian Italy
99%
Flavian Titus Italy
99%
Flavian Domitian Italy
99%
Antonine Nerva Italy
99%
Antonine Antoninus Pius Italy
99%
Antonine Marcus Aurelius Italy
99%
Antonine Lucius Verus Italy
99%
Antonine Commodus Italy
99%
Severan Pertinax Italy
99%
Severan Didius Julianus Italy
99%
Severan Geta Italy
99%
Crisis of the Third Century Pupienus Maximus Italy
99%
Crisis of the Third Century Balbinus Italy
99%
Crisis of the Third Century Trebonianus Gallus Italy
99%
Crisis of the Third Century Gallienus Italy
99%
Illyrian Tacitus Italy
99%
Western Empire Valentinian III Italy
99%
Western Empire Libius Severus Italy
99%
Western Empire Olybrius Italy
99%
Western Empire Romulus Augustulus Italy
99%
Julio-Claudian Claudius France
98%
Severan Caracalla France
98%
Illyrian Carus France
98%
Tetrarchy and Constantinian Constantine II France
98%
Tetrarchy and Constantinian Magnentius France
98%
Western Empire Avitus France
98%
Antonine Trajan Spain
98%
Antonine Hadrian Spain
98%
Valentinian Magnus Maximus Spain
98%
Theodosian Theodosius I Spain
98%
Theodosian Arcadius Spain
98%
Crisis of the Third Century Gordian I Turkey
88%
Crisis of the Third Century Gordian III Turkey
88%
Tetrarchy and Constantinian Julian Turkey
88%
Theodosian Honorius Turkey
88%
Western Empire Anthemius Turkey
88%
Severan Elagabalus Syria
82%
Crisis of the Third Century Philip I the Arab Syria
82%
Tetrarchy and Constantinian Diocletian Croatia
81%
Valentinian Valentinian I Croatia
81%
Crisis of the Third Century Decius Serbia
80%
Crisis of the Third Century Herennius Serbia
80%
Crisis of the Third Century Hostilian Serbia
80%
Illyrian Claudius II Gothicus Serbia
80%
Illyrian Quintillus Serbia
80%
Illyrian Aurelian Serbia
80%
Illyrian Probus Serbia
80%
Tetrarchy and Constantinian Maximian Serbia
80%
Tetrarchy and Constantinian Constantius I Chlorus Serbia
80%
Tetrarchy and Constantinian Galerius Serbia
80%
Tetrarchy and Constantinian Constantine I the Great Serbia
80%
Tetrarchy and Constantinian Licinius Serbia
80%
Tetrarchy and Constantinian Maximinus Daia Serbia
80%
Tetrarchy and Constantinian Constantius II Serbia
80%
Tetrarchy and Constantinian Jovian Serbia
80%
Valentinian Valens Serbia
80%
Valentinian Gratian Serbia
80%
Western Empire Constantius III Serbia
80%
Severan Septimius Severus Libya
79%
Crisis of the Third Century Aemilian Tunisia
75%
Severan Macrinus Algeria
70%
Crisis of the Third Century Maximinus Thrax Bulgaria
70%
Severan Severus Alexander Lebanon
54%
No matching quizzes found
Score Distribution
Percent of People with Each Score
Percentile by Number Answered
Your Score History
You have not taken this quiz